[Event "Matanzas Province-ch final"]
[Site "Jaguey Grande"]
[Date "2007.10.14"]
[Round "14"]
[White "Alonso Bouza, Julio Javier"]
[Black "Acosta Pedroso, Gerardo"]
[Result "1-0"]
[WhiteElo "2224"]
[BlackElo "2129"]
[PlyCount "51"]
[EventDate "2007.10.01"]
[EventType "tourn"]
[EventRounds "15"]
[EventCountry "CUB"]
[EventCategory "1"]
[SourceTitle "EXT 2019"]
[Source "ChessBase"]
[SourceDate "2018.10.10"]
[SourceVersion "1"]
[SourceVersionDate "2018.10.10"]
[SourceQuality "1"]

1. e4 c5 2. Nf3 d6 3. d4 cxd4 4. Nxd4 Nf6 5. Nc3 a6 6. Bc4 Nbd7 7. 0-0 b5 8. Bd5 Nxd5 9. exd5 g6 10. Re1 Bb7 11. Bf4 Qb6 12. a4 b4 13. a5 Qc5 14. Ne4 Qxd5 15. Nxd6+ Kd8 16. Nxb7+ Qxb7 17. Nb3 Ke8 18. Qd4 Rg8 19. Rad1 g5 20. Bd6 e6 21. Bxf8 Nxf8 22. Nc5 Qc6 23. Ne4 Rg6 24. Nd6+ Ke7 25. Nf5+ Ke8 26. Qxb4 1-0

[Event "Matanzas Province-ch final"]
[Site "Jaguey Grande"]
[Date "2007.10.04"]
[Round "4"]
[White "Acosta Pedroso, Gerardo"]
[Black "Delgado Ramos, Hector"]
[Result "0-1"]
[WhiteElo "2129"]
[BlackElo "2319"]
[PlyCount "46"]
[EventDate "2007.10.01"]
[EventType "tourn"]
[EventRounds "15"]
[EventCountry "CUB"]
[EventCategory "1"]
[SourceTitle "EXT 2019"]
[Source "ChessBase"]
[SourceDate "2018.10.10"]
[SourceVersion "1"]
[SourceVersionDate "2018.10.10"]
[SourceQuality "1"]

1. d4 d5 2. Nf3 Nf6 3. e3 c6 4. c4 a6 5. Nc3 b5 6. cxb5 cxb5 7. Bd3 e6 8. Ne5 Nbd7 9. f4 Bb7 10. 0-0 Bd6 11. a3 Ne4 12. Qh5 0-0 13. Rf3 Ndf6 14. Qh3 Nxc3 15. bxc3 Ne4 16. Qh5 Bxe5 17. fxe5 f6 18. exf6 Rxf6 19. Bxe4 dxe4 20. Rxf6 Qxf6 21. Bd2 Rf8 22. Qe2 Bd5 23. Rf1 Qe7 0-1

[Event "Matanzas Batalla de Ideas-A 4th"]
[Site "Matanzas"]
[Date "2007.07.18"]
[Round "5"]
[White "Acosta Pedroso, Gerardo"]
[Black "Delgado Ramos, Hector"]
[Result "1/2-1/2"]
[WhiteElo "2129"]
[BlackElo "2332"]
[PlyCount "111"]
[EventDate "2007.07.15"]
[EventType "tourn"]
[EventRounds "11"]
[EventCountry "CUB"]
[EventCategory "1"]
[SourceTitle "EXT 2019"]
[Source "ChessBase"]
[SourceDate "2018.10.10"]
[SourceVersion "1"]
[SourceVersionDate "2018.10.10"]
[SourceQuality "1"]

1. e4 c5 2. Nf3 d6 3. d4 cxd4 4. Nxd4 Nf6 5. Nc3 g6 6. Be3 Bg7 7. f3 0-0 8. Qd2 Nc6 9. 0-0-0 d5 10. exd5 Nxd5 11. Nxc6 bxc6 12. Nxd5 cxd5 13. Bh6 Bxh6 14. Qxh6 Qa5 15. Kb1 Rb8 16. b3 e5 17. Qd2 Qc7 18. Qxd5 Bf5 19. Qc4 Qa5 20. Bd3 Rfc8 21. Qh4 Bxd3 22. Rxd3 Rxc2 23. Kxc2 Qxa2+ 24. Kd1 Qb1+ 25. Ke2 Qxh1 26. Kf2 Qb1 27. Rd8+ Rxd8 28. Qxd8+ Kg7 29. Qe7 Qb2+ 30. Kf1 Qc1+ 31. Kf2 Qd2+ 32. Kf1 Qd1+ 33. Kf2 Qd4+ 34. Kf1 Qe3 35. Qb7 g5 36. g4 Qb6 37. Qd5 Qc7 38. Kg2 h6 39. Kh3 f6 40. Kg2 Qf7 41. Qc5 h5 42. gxh5 Kh6 43. Kg3 Kxh5 44. Qc8 Qxb3 45. Qe8+ Kh6 46. Qe7 Kg6 47. Qd8 Qf7 48. Qd3+ Kg7 49. Qa6 Qc7 50. Kg4 Qd7+ 51. Kg3 Qd4 52. Qe6 Qd8 53. Qa6 Kg6 54. Qxa7 Qd4 55. Qa8 Qg1+ 56. Kh3 1/2-1/2

[Event "Matanzas Batalla de Ideas-A 4th+"]
[Site "Matanzas"]
[Date "2007.07.15"]
[Round "1"]
[White "Borges Feria, Yasel"]
[Black "Acosta Pedroso, Gerardo"]
[Result "1/2-1/2"]
[WhiteElo "2349"]
[BlackElo "2129"]
[PlyCount "117"]
[EventDate "2007.07.15"]
[EventType "tourn"]
[EventRounds "11"]
[EventCountry "CUB"]
[SourceTitle "EXT 2019"]
[Source "ChessBase"]
[SourceDate "2018.10.10"]
[SourceVersion "1"]
[SourceVersionDate "2018.10.10"]
[SourceQuality "1"]

1. e4 c5 2. Nf3 d6 3. d4 cxd4 4. Nxd4 Nf6 5. Nc3 a6 6. Be3 e5 7. Nb3 Be6 8. f3 Nbd7 9. g4 Nb6 10. Qd2 Rc8 11. 0-0-0 Be7 12. h4 0-0 13. h5 Nfd7 14. Kb1 Kh8 15. g5 f5 16. g6 f4 17. Bxb6 Qxb6 18. gxh7 Qe3 19. Bh3 Qxd2 20. Rxd2 Bxh3 21. Nd5 Bd8 22. Rxh3 Nf6 23. Nxf6 Rxf6 24. Rg2 Kxh7 25. Nd2 Ba5 26. c3 b5 27. a3 Bb6 28. Nf1 Rd8 29. Rd2 d5 30. Rxd5 Rxd5 31. exd5 Rd6 32. Nd2 Rxd5 33. Kc2 Be3 34. Ne4 Kh6 35. Rh2 Rd7 36. Rg2 Kxh5 37. Rg5+ Kh4 38. Rxe5 Kh3 39. Rg5 Kh4 40. Rg6 a5 41. b3 Kh3 42. c4 bxc4 43. bxc4 Rd4 44. Kc3 Rd1 45. c5 Rc1+ 46. Kd3 Bxc5 47. Nxc5 Rxc5 48. Rxg7 Re5 49. a4 Re3+ 50. Kc4 Rxf3 51. Rg5 Rg3 52. Rxa5 f3 53. Rf5 Kg2 54. a5 f2 55. Rxf2+ Kxf2 56. a6 Rg5 57. Kb4 Ke3 58. a7 Rg8 59. Kc5 1/2-1/2